1846 1988 1422 1916 1767 1708 1604 1648 1039 1600 1988 1592 1002 1855 1115 1190 1888 1862 1321 1991 1465 1812 1024 1776 1321 1361 1780 1883 1624 1628 2000 1699 1995 1198 1338 1404 1888 1873 1676 1977 1022 1305 1291 1586 1927 1654 1030 1813 1914 1341 1200 1055 1962 1000 1576 1634 1314 1402 1127 1520 1201 1979 1526 1256 1804 1692 1342 1091 1676 1940 1068 1851 1512 1988 1241 1693 1682 1673 1464 1648 1526 1270 1088 1171 1453 1015 1685 1905 1120 1837 1400 1803 1201 1290 1405 1932 1279 1800 1564 BCNSPRNW ULIB Ver.6.0+V

เปลี่ยนเป็นภาษาไทย

Change to English
 แสดงรายละเอียดบรรณานุกรม
  กลับหน้าหลัก

Brief Record : Get Marc (ISO 2709) : E-mail record : QR code < ปิดหน้าต่าง
LEADER : 00000nam 2200000uu 4500
001    13399114061
003     ULIB
008    110810s||||||||th 000 0 tha d
020    9749457579
050 04 HD69^bศ162ท 2549
100 0  ศรัณยู กลิ่นจันทร์
245 10 ที่ปรึกษาการบริการจัดการทรัพยากรมนุษย์ การบริหารงาน บริหารตนเอง : ปัญหาและการตัดสินใจ แรงจูงใจและการตลาด /^cศรัณยู กลิ่นจันทร์
260    [กรุงเทพฯ. :^bเคล็ดไทย,^c2549]
300    222 หน้า
650  7 การบริหารงาน
650  7 การบริหารจัดการทรัพยากรมนุษย์
650  7 ความขัดแย้ง
650  7 แรงจูงใจ
945    ^p0^l0^i020285
995    ทศพร
999 ^a ทศพร
รายการนี้ยังไม่มีแท็ก
คุณยังไม่ได้ล็อกอิน คุณสามารถมีกิจกรรมร่วมกับเว็บไซต์ได้ แต่ต้องล็อกอินก่อน ::
  ล็อกอิน

รายการสื่อสารสนเทศ

ลำดับที่ ประเภท เลขเรียก/บาร์โค้ด สถานที่ สถานะ
- ไม่พบข้อมูล -

รายการใกล้เคียง
    หัวเรื่อง [การบริหารงาน]
    หัวเรื่อง [ความขัดแย้ง]
    หัวเรื่อง [แรงจูงใจ]

BibComment


ยังไม่เคยถูกคอมเมนท์

คอมเมนท์ทรัพยากรรายการนี้
  คอมเมนท์: ที่ปรึกษาการบริกา..


 Copyright 2026. Bcnsprnw @Library